000 00815nam a2200277Ia 4500
008 170712s9999 xx 000 0 und d
020 _a9789712717949
050 _a70.4
050 _bP961 2006
245 _aPrize journalism:
245 _ba collection of Jaime V. Ongpin award winners /
245 _cedited by Rachel E. Khan and Center for Media Freedom and Responsibility.
260 _aPhilippines :
260 _bAnvil,
260 _c2006
300 _a333 pages :
300 _billustrations ;
300 _c22cm.
650 _aCenter for Media Freedom and Responsibility.
650 _aInvestigative reporting --
650 _aJournalism --
650 _aReporters and reporting --
650 _xAwards -- Philippines.
650 _xAwards -- Philippines.
650 _xPhilippines.
999 _c340415
_d340415